02192 2201045 4500001002100000008004100021035002000062082000800082084001400090100001900104245007000123250000600193260003300199300001200232650001400244990001200258990001200270990001200282990001200294990001200306990001200318990001200330990001200342990001200354990001200366990001200378990001200390990001200402990001200414990001200426990001200438990001200450990001200462990001200474990001200486990001200498990001200510990001200522990001200534990001200546990001200558990001200570990001200582990001200594990001200606990001200618990001200630990001200642990001200654990001200666990001200678990001200690990001200702990001200714990001200726990001200738990001200750990001200762990001200774990001200786990001200798990001200810990001200822990001200834990001200846990001200858990001200870990001200882990001200894990001200906990001200918990001200930990001200942990001200954990001200966990001200978990001200990990001201002990001201014990001201026990001201038990001201050990001201062990001201074990001201086990001201098990001201110990001201122990001201134INLIS000000000001367 ind  a0010-0524000602 a540 a540 SEN k aBudi R, Sentot aBuku Siswa Kimia 2 Kelompok Peminatan Edisi RevisicSentot Budi R a1 aSolo :bTiga Serangkaic2016 a292 hlm aReferensi a0728268 a0728269 a0728270 a0728271 a0728272 a0728273 a0728274 a0728275 a0728276 a0728277 a0728278 a0728279 a0728280 a0728281 a0728282 a0728283 a0728284 a0728285 a0728286 a0728287 a0728288 a0728289 a0728290 a0728291 a0728292 a0728293 a0728294 a0728295 a0728296 a0728297 a0728298 a0728299 a0728300 a0728301 a0728302 a0728303 a0728304 a0728305 a0728306 a0728307 a0728308 a0728309 a0728310 a0728311 a0728312 a0728313 a0728314 a0728315 a0728316 a0728317 a0728318 a0728319 a0728320 a0728321 a0728322 a0728323 a0728324 a0728325 a0728326 a0728327 a0728328 a0728329 a0728330 a0728331 a0728332 a0728333 a0728334 a0728335 a0728336 a0728337 a0728338 a0728339 a0728340 a0728341